[Event "TCh-CHN 2019"]
[Site "China CHN"]
[Date "2019.05.08"]
[Round "6.6"]
[Board "1"]
[White "Cheparinov, Ivan"]
[Black "Chen, Qi b"]
[Result "1/2-1/2"]
[WhiteTitle "GM"]
[BlackTitle "IM"]
[WhiteElo "2687"]
[BlackElo "2445"]
[WhiteTeam "Guangdong Shenzhen Longgang Chess team"]
[BlackTeam "Jiangsu team"]
[WhiteFideId "2905540"]
[BlackFideId "8614733"]
[EventDate "2019.04.09"]

1. e4 c5 2. Nf3 d6 3. d4 cxd4 4. Qxd4 Nf6 5. Be2 Nc6 6. Qe3 Bg4 7. O-O e6 8. c4
Be7 9. Rd1 Qc7 10. Nc3 a6 11. b3 O-O 12. Bb2 Rad8 13. Rac1 Qb8 14. h3 Bh5 15.
Ne1 Bg6 16. Nf3 h6 17. Nd4 Rfe8 18. f4 Nxd4 19. Rxd4 d5 20. e5 Bc5 21. Na4 Bxd4
22. Bxd4 Nd7 23. cxd5 exd5 24. Bg4 Nf6 25. Nb6 Nxg4 26. hxg4 Be4 27. Qc3 Re6 28.
Nc8 Kh7 29. Nd6 Rexd6 30. exd6 Qxd6 1/2-1/2

[Event "TCh-CHN 2019"]
[Site "China CHN"]
[Date "2019.05.08"]
[Round "6.6"]
[Board "3"]
[White "Xu, Yinglun"]
[Black "Lin, Chen"]
[Result "1-0"]
[WhiteTitle "GM"]
[BlackTitle "GM"]
[WhiteElo "2555"]
[BlackElo "2489"]
[WhiteTeam "Guangdong Shenzhen Longgang Chess team"]
[BlackTeam "Jiangsu team"]
[WhiteFideId "8604940"]
[BlackFideId "8602298"]
[EventDate "2019.04.09"]

1. Nf3 Nf6 2. c4 c6 3. Nc3 d5 4. e3 a6 5. d4 Bf5 6. cxd5 cxd5 7. Ne5 Nc6 8. Be2
Rc8 9. Qb3 Qc7 10. Bd2 e6 11. Rc1 Nxe5 12. dxe5 Nd7 13. O-O Nc5 14. Qd1 Qd7 15.
Na4 Nxa4 16. Rxc8+ Qxc8 17. Qxa4+ Qd7 18. Qa5 Be7 19. Rc1 Bd8 20. Qc5 f6 21.
exf6 gxf6 22. b4 Qe7 23. Qd4 Kf7 24. b5 axb5 25. Bb4 Qd7 26. Qc5 b6 27. Qxb5
Qxb5 28. Bxb5 h5 29. f3 e5 30. a4 Be6 31. Kf2 h4 32. Bd6 Kg6 33. Rd1 Kf7 34. Rc1
Kg6 35. Ke2 Rg8 36. Rc2 Rg7 37. Bc6 Bd7 38. Bxd5 Bxa4 39. Rd2 Be7 40. Kf2 Bxd6
41. Be4+ f5 42. Rxd6+ Kg5 43. Bb1 b5 44. g3 hxg3+ 45. hxg3 Rf7 46. f4+ exf4 47.
exf4+ Kh5 48. Bd3 1-0

[Event "TCh-CHN 2019"]
[Site "China CHN"]
[Date "2019.05.08"]
[Round "6.6"]
[Board "4"]
[White "Shen, Yang"]
[Black "Li, Xueyi"]
[Result "1/2-1/2"]
[WhiteTitle "IM"]
[BlackTitle "WGM"]
[WhiteElo "2402"]
[BlackElo "2296"]
[WhiteTeam "Jiangsu team"]
[BlackTeam "Guangdong Shenzhen Longgang Chess team"]
[WhiteFideId "8603162"]
[BlackFideId "8605912"]
[EventDate "2019.04.09"]

1. d4 Nf6 2. c4 e6 3. Nf3 d5 4. g3 Bb4+ 5. Bd2 Be7 6. Bg2 O-O 7. O-O c6 8. Qb3
b6 9. Nc3 Ba6 10. cxd5 cxd5 11. Ne5 Bb7 12. Rfc1 Nc6 13. Nxd5 Nxd4 14. Nxe7+
Qxe7 15. Qc4 Bxg2 16. Qxd4 Rfd8 17. Qf4 Bb7 18. Bb4 Qe8 19. Rc7 Nd5 20. Qxf7+
Qxf7 21. Rxf7 Ba6 22. Ba3 Bxe2 23. Re1 Bh5 24. Rb7 Rdc8 25. b3 Rc2 26. Bd6 Rxa2
27. Bb8 Be2 28. Nc6 Bb5 29. Rxe6 Ra1+ 30. Kg2 Re1 31. Rd6 Bf1+ 32. Kf3 Be2+ 33.
Kg2 Bf1+ 1/2-1/2

[Event "TCh-CHN 2019"]
[Site "China CHN"]
[Date "2019.05.08"]
[Round "6.6"]
[Board "5"]
[White "Guo, Qi"]
[Black "Dzagnidze, Nana"]
[Result "1/2-1/2"]
[WhiteTitle "IM"]
[BlackTitle "GM"]
[WhiteElo "2406"]
[BlackElo "2520"]
[WhiteTeam "Jiangsu team"]
[BlackTeam "Guangdong Shenzhen Longgang Chess team"]
[WhiteFideId "8604002"]
[BlackFideId "13601903"]
[EventDate "2019.04.09"]

1. d4 f5 2. c4 Nf6 3. g3 e6 4. Bg2 d5 5. Nh3 c6 6. O-O Bd6 7. Bf4 O-O 8. Qc2 Be7
9. Rd1 a5 10. b3 a4 11. Nd2 a3 12. Bxb8 Rxb8 13. Nf4 Bd7 14. Nf3 b5 15. c5 b4
16. Ne5 Ne4 17. e3 Bf6 18. Nfd3 Bxe5 19. Nxe5 Be8 20. f3 Nc3 21. Rdc1 g5 22. f4
h6 23. Nd3 Bh5 24. Re1 Ne4 25. Ne5 Qe8 26. Bxe4 fxe4 27. fxg5 Bf3 28. g6 Rb7 29.
Rf1 Rg7 30. Rf2 Rxg6 31. Raf1 Rgf6 32. Qd2 h5 33. h4 Qb8 34. Kh2 Qb7 35. Rg1 Kh8
36. Qe1 Rg8 37. Qf1 Rf5 38. Qe1 Rf6 39. Qf1 Rf5 40. Qe1 1/2-1/2

[Event "TCh-CHN 2019"]
[Site "China CHN"]
[Date "2019.05.09"]
[Round "7.1"]
[Board "1"]
[White "Yu, Ruiyuan"]
[Black "Liu, Qingnan"]
[Result "0-1"]
[WhiteTitle "GM"]
[BlackTitle "GM"]
[WhiteElo "2497"]
[BlackElo "2533"]
[WhiteTeam "Jiangsu team"]
[BlackTeam "Shandong Jingzhi team"]
[WhiteFideId "8603090"]
[BlackFideId "8603294"]
[EventDate "2019.04.09"]

1. e4 d6 2. d4 g6 3. f4 Bg7 4. Nc3 a6 5. Nf3 b5 6. e5 Nd7 7. Bd3 c5 8. Be4 Rb8
9. Be3 b4 10. Na4 Qa5 11. b3 Nh6 12. dxc5 Ng4 13. Bd4 dxe5 14. fxe5 Ngxe5 15.
Nxe5 Nxe5 16. O-O O-O 17. c3 Qc7 18. h3 bxc3 19. Bxc3 Bd7 20. Bxe5 Bxe5 21. Rc1
Bb5 22. Rf3 Bf4 23. Rc2 Rfd8 24. Bd3 Bc6 25. Nb6 Qe5 0-1

[Event "TCh-CHN 2019"]
[Site "China CHN"]
[Date "2019.05.09"]
[Round "7.1"]
[Board "2"]
[White "Chen, Qi b"]
[Black "Wen, Yang"]
[Result "1/2-1/2"]
[WhiteTitle "IM"]
[BlackTitle "GM"]
[WhiteElo "2445"]
[BlackElo "2586"]
[WhiteTeam "Jiangsu team"]
[BlackTeam "Shandong Jingzhi team"]
[WhiteFideId "8614733"]
[BlackFideId "8602956"]
[EventDate "2019.04.09"]

1. e4 e5 2. Nf3 Nc6 3. Bb5 a6 4. Ba4 d6 5. O-O Bd7 6. d4 Nf6 7. Nc3 exd4 8. Nxd4
b5 9. Nxc6 Bxc6 10. Bb3 Be7 11. f3 O-O 12. Be3 Bb7 13. a4 c6 14. Ne2 Qc7 15.
axb5 axb5 16. Rxa8 Rxa8 17. Qd2 Nd7 18. c3 g6 19. Rd1 Nc5 20. Bc2 Na4 21. Bb3
Bf8 22. h4 Nc5 23. Bc2 Ra2 24. Bb1 Ra1 25. Bc2 Rxd1+ 26. Bxd1 h5 27. b4 Nd7 28.
Bb3 Ne5 29. Kf2 Bc8 30. Nf4 Qe7 31. g3 Bh6 32. Nd3 Bxe3+ 33. Qxe3 Nxd3+ 34. Qxd3
Qa7+ 35. Ke2 Qa3 36. Qc2 Kg7 37. Qa2 Qc1 38. Qd2 Qxd2+ 1/2-1/2

[Event "TCh-CHN 2019"]
[Site "China CHN"]
[Date "2019.05.09"]
[Round "7.1"]
[Board "4"]
[White "Yan, Tianqi"]
[Black "Shen, Yang"]
[Result "0-1"]
[BlackTitle "IM"]
[WhiteElo "2240"]
[BlackElo "2402"]
[WhiteTeam "Shandong Jingzhi team"]
[BlackTeam "Jiangsu team"]
[WhiteFideId "8615250"]
[BlackFideId "8603162"]
[EventDate "2019.04.09"]

1. e4 e5 2. Nf3 Nc6 3. Bb5 a6 4. Ba4 g6 5. O-O Bg7 6. c3 d6 7. d4 Bd7 8. Bc2 Nf6
9. Nbd2 O-O 10. Re1 Re8 11. h3 b5 12. a4 exd4 13. cxd4 Nb4 14. axb5 Nxc2 15.
Qxc2 Bxb5 16. b3 Nh5 17. Bb2 Nf4 18. Nc4 d5 19. exd5 Qxd5 20. Kh2 Rab8 21. Qd2
Bh6 22. Ne3 Rxe3 23. Qxe3 Bc6 24. Qe5 Nd3 25. Qxd5 Bxd5 26. Re2 Rxb3 27. Re8+
Kg7 28. Ba3 Bf4+ 29. Kg1 Bxf3 30. Bf8+ Kf6 31. Rxa6+ Kg5 32. gxf3 Kh4 33. Kg2
Rb2 34. Be7+ Kh5 35. Ra5+ f5 36. Rh8 h6 37. Ra3 Rxf2+ 38. Kg1 Rxf3 39. Ra1 Be3+
40. Kg2 Rf2+ 41. Kh1 Bxd4 42. Ra4 c5 43. Rd8 Ne1 44. Rd5 Rf1+ 45. Kh2 Rf2+ 46.
Kh1 Nf3 47. Bd6 Rc2 48. Bg3 Ng5 49. Rxc5 Rxc5 50. Rxd4 Ne4 51. Bf4 g5 52. Be3
Rc3 0-1

[Event "TCh-CHN 2019"]
[Site "China CHN"]
[Date "2019.05.09"]
[Round "7.1"]
[Board "5"]
[White "Ning, Kaiyu"]
[Black "Guo, Qi"]
[Result "1-0"]
[WhiteTitle "WIM"]
[BlackTitle "IM"]
[WhiteElo "2353"]
[BlackElo "2406"]
[WhiteTeam "Shandong Jingzhi team"]
[BlackTeam "Jiangsu team"]
[WhiteFideId "8614750"]
[BlackFideId "8604002"]
[EventDate "2019.04.09"]

1. d4 Nf6 2. c4 e6 3. g3 d5 4. Bg2 dxc4 5. Nf3 c5 6. O-O Nc6 7. dxc5 Qxd1 8.
Rxd1 Bxc5 9. Nbd2 c3 10. bxc3 O-O 11. Nb3 Be7 12. Nfd4 Bd7 13. Bg5 Rfd8 14. Bxf6
gxf6 15. Nxc6 Bxc6 16. Bxc6 bxc6 17. Na5 Rac8 18. e4 h5 19. Rab1 h4 20. gxh4 f5
21. exf5 Rd5 22. Nc4 Rxf5 23. Nd6 Bxd6 24. Rxd6 Rd5 25. Rd1 Rb8 26. Rd4 Rb1+ 27.
Kg2 Rf5 28. Rg4+ Kf8 29. Rg5 Rf6 30. Rd2 Rf4 31. h5 Rb5 32. Rd8+ Ke7 33. Rxb5
cxb5 34. Ra8 Rh4 35. Rxa7+ Kf6 36. Ra5 Rxh5 37. c4 Rg5+ 38. Kf1 Rh5 39. cxb5
Rxh2 40. a4 Rh1+ 41. Ke2 Rb1 42. Kd3 e5 43. Ke4 Rb4+ 44. Kd5 Rb2 45. f3 Kf5 46.
Kc6 Rc2+ 47. Kd7 Rb2 48. Ra6 Kg5 49. Kc7 f5 50. Re6 Rb4 51. b6 Rc4+ 52. Kd7 Rxa4
53. Rxe5 Rb4 54. Kc6 Kf4 55. Rb5 Rc4+ 56. Rc5 Rb4 57. b7 1-0

[Event "TCh-CHN 2019"]
[Site "China CHN"]
[Date "2019.05.09"]
[Round "7.2"]
[Board "2"]
[White "Li, Di"]
[Black "Cheparinov, Ivan"]
[Result "1/2-1/2"]
[WhiteTitle "GM"]
[BlackTitle "GM"]
[WhiteElo "2543"]
[BlackElo "2687"]
[WhiteTeam "Chengdu Beilei Youth Chess Club"]
[BlackTeam "Guangdong Shenzhen Longgang Chess team"]
[WhiteFideId "8607508"]
[BlackFideId "2905540"]
[EventDate "2019.04.09"]

1. Nf3 d5 2. d4 Nf6 3. c4 e6 4. Nc3 Bb4 5. Bg5 h6 6. Bd2 c5 7. a3 Bxc3 8. Bxc3
cxd4 9. Qxd4 O-O 10. Ne5 dxc4 11. e3 Nd5 12. Bxc4 Nxc3 13. Qxc3 Nd7 14. Nf3 Nb6
15. Bb3 Qf6 16. Qxf6 gxf6 17. h4 Bd7 18. Nd4 Rac8 19. Rd1 Rc5 20. Rh3 Rfc8 21.
e4 Kf8 22. Re3 Ke7 23. Ne2 Ba4 24. Bxa4 Nxa4 25. Rd2 b5 26. Nd4 Rc1+ 27. Ke2 a6
28. Kf3 Nb6 29. b3 Ra1 30. Kg4 Rxa3 31. Kh5 Nd7 32. Kxh6 Ra1 33. Kg7 Rh1 34. g3
Ne5 35. Rc2 Rxc2 36. Nxc2 Rh2 37. f4 Ng4 38. Rc3 Nf2 39. Nb4 Nxe4 40. Rd3 Nd6
41. Nc6+ Kd7 42. Nb8+ Ke7 43. Nc6+ Kd7 44. Ne5+ Ke7 45. Nc6+ 1/2-1/2

[Event "TCh-CHN 2019"]
[Site "China CHN"]
[Date "2019.05.09"]
[Round "7.2"]
[Board "3"]
[White "Fedoseev, Vladimir3"]
[Black "Xu, Yinglun"]
[Result "1/2-1/2"]
[WhiteTitle "GM"]
[BlackTitle "GM"]
[WhiteElo "2677"]
[BlackElo "2555"]
[WhiteTeam "Chengdu Beilei Youth Chess Club"]
[BlackTeam "Guangdong Shenzhen Longgang Chess team"]
[WhiteFideId "24130737"]
[BlackFideId "8604940"]
[EventDate "2019.04.09"]

1. Nf3 Nf6 2. g3 d5 3. Bg2 c6 4. d3 Bf5 5. Nh4 e6 6. Nxf5 exf5 7. Nd2 Bc5 8. O-O
O-O 9. e4 fxe4 10. dxe4 dxe4 11. Nxe4 Nxe4 12. Bxe4 Nd7 13. Qf3 Re8 14. Kg2 Ne5
15. Qe2 Qd7 16. c3 f5 17. Rd1 Qf7 18. Bc2 Kh8 19. Bb3 Qf8 20. Qf1 Ng4 21. f3
Ne3+ 22. Bxe3 Rxe3 23. Re1 f4 24. Rad1 Qe7 25. Rxe3 fxe3 26. Qc4 Re8 27. Qf7 Qe5
28. Bc4 Rf8 29. Qe6 Qxe6 30. Bxe6 g5 31. Bc4 b5 32. Bd3 Rd8 33. Kf1 b4 34. cxb4
Bxb4 35. Ke2 Bd2 36. Rh1 Rd6 37. b4 Kg7 38. a3 Rh6 39. Be4 Kf7 40. h4 gxh4 41.
Rxh4 Rxh4 42. gxh4 h6 43. Bxc6 Kf6 44. f4 Kf5 45. Kf3 e2 46. Bd7+ Kf6 47. Kxe2
Bxf4 48. h5 Ke7 49. Bg4 Kd6 50. Kd3 Kc7 51. a4 Kb8 52. Kc4 Kc7 1/2-1/2

[Event "TCh-CHN 2019"]
[Site "China CHN"]
[Date "2019.05.09"]
[Round "7.2"]
[Board "4"]
[White "Li, Xueyi"]
[Black "Koneru, Humpy"]
[Result "0-1"]
[WhiteTitle "WGM"]
[BlackTitle "GM"]
[WhiteElo "2296"]
[BlackElo "2574"]
[WhiteTeam "Guangdong Shenzhen Longgang Chess team"]
[BlackTeam "Chengdu Beilei Youth Chess Club"]
[WhiteFideId "8605912"]
[BlackFideId "5008123"]
[EventDate "2019.04.09"]

1. d4 Nf6 2. c4 e6 3. g3 d5 4. Bg2 dxc4 5. Nf3 a6 6. Ne5 Bb4+ 7. Bd2 Qxd4 8.
Bxb4 Qxe5 9. Nd2 Qb5 10. Ba3 Bd7 11. O-O Bc6 12. e4 Nbd7 13. Rc1 O-O-O 14. Rxc4
Nb6 15. Rxc6 Qxc6 16. e5 Nfd5 17. Qg4 Qc2 18. Nb3 h5 19. Qxg7 Qf5 20. Nd4 Qg4
21. Qxg4 hxg4 22. Rc1 Rh5 23. f4 Nxf4 24. Bc5 Nd3 0-1

[Event "TCh-CHN 2019"]
[Site "China CHN"]
[Date "2019.05.09"]
[Round "7.3"]
[Board "1"]
[White "Xu, Minghui"]
[Black "Peng, Xiongjian"]
[Result "1-0"]
[WhiteElo "2406"]
[BlackElo "2489"]
[WhiteTeam "Zhejiang team"]
[BlackTeam "Chongqing Jiulongpo Yucai Chess team"]
[WhiteFideId "8606790"]
[BlackFideId "8610550"]
[EventDate "2019.04.09"]

1. d4 Nf6 2. c4 e6 3. Nf3 c5 4. Nc3 cxd4 5. Nxd4 a6 6. g3 Qc7 7. Bg2 Nc6 8. O-O
Be7 9. Nb3 d6 10. Bf4 Ne5 11. Rc1 Ng6 12. Be3 Bd7 13. Qd4 O-O 14. Qb6 Qxb6 15.
Bxb6 Bc6 16. Na5 Bxg2 17. Kxg2 Nd7 18. Be3 Rfc8 19. Nxb7 Rab8 20. Nxd6 Bxd6 21.
Rfd1 Nde5 22. Rxd6 Nxc4 23. Rxa6 Nxe3+ 24. fxe3 Rxb2 25. Kf2 h5 26. Rb1 Rc2 27.
Ne4 Ne5 28. h3 Nd3+ 29. Kf3 Ne5+ 30. Kf2 Nd3+ 31. Kf3 Nc1 32. Ra7 Nxe2 33. Ng5
Nc1 34. Rd7 R2c5 35. h4 Rf5+ 36. Kg2 Rd5 37. Rc7 Ra8 38. Rbxc1 1-0

[Event "TCh-CHN 2019"]
[Site "China CHN"]
[Date "2019.05.09"]
[Round "7.3"]
[Board "2"]
[White "Lu, Shanglei"]
[Black "Naiditsch, Arkadij"]
[Result "1/2-1/2"]
[WhiteTitle "GM"]
[BlackTitle "GM"]
[WhiteElo "2612"]
[BlackElo "2617"]
[WhiteTeam "Zhejiang team"]
[BlackTeam "Chongqing Jiulongpo Yucai Chess team"]
[WhiteFideId "8603332"]
[BlackFideId "4650891"]
[EventDate "2019.04.09"]

1. e4 e5 2. Nf3 Nc6 3. Nc3 Nf6 4. a3 d5 5. Bb5 Nxe4 6. Qe2 Nxc3 7. Qxe5+ Qe7 8.
dxc3 Bd7 9. Qxe7+ Bxe7 10. Bf4 O-O-O 11. O-O-O a6 12. Bxc6 Bxc6 13. Rhe1 Rhe8
14. Ne5 Bd6 15. Bg3 Bxe5 16. Bxe5 f6 17. Bd4 a5 18. Kd2 b6 19. Rxe8 Bxe8 20. b4
axb4 21. cxb4 Bb5 22. Ra1 Ba4 23. Rb1 Bb5 24. Ra1 Ba4 25. Rb1 Bb5 26. Ra1 1/2-1/2

[Event "TCh-CHN 2019"]
[Site "China CHN"]
[Date "2019.05.09"]
[Round "7.3"]
[Board "3"]
[White "Lan, Zilun"]
[Black "Nie, Xinyang"]
[Result "1/2-1/2"]
[WhiteElo "2313"]
[BlackElo "2348"]
[WhiteTeam "Zhejiang team"]
[BlackTeam "Chongqing Jiulongpo Yucai Chess team"]
[WhiteFideId "8604193"]
[BlackFideId "8607222"]
[EventDate "2019.04.09"]

1. d4 d5 2. c4 e6 3. Nc3 a6 4. cxd5 exd5 5. Qc2 c6 6. Bf4 Bd6 7. Bg3 Ne7 8. e3
Bf5 9. Bd3 Bxd3 10. Qxd3 a5 11. Nge2 O-O 12. f3 Na6 13. Rd1 Re8 14. O-O Ng6 15.
e4 f6 16. a3 Nc7 17. Rfe1 Kh8 18. exd5 Nxd5 19. Nxd5 Bxg3 20. hxg3 Qxd5 21. Kf2
Kg8 22. Rh1 c5 23. Nf4 Qxd4+ 24. Qxd4 cxd4 25. Rxd4 Rac8 26. Rhd1 Nxf4 27. gxf4
Kf7 28. R1d2 Rc6 29. Rd5 b6 30. f5 Re7 31. g4 Rec7 32. Kg3 Rc2 1/2-1/2

[Event "TCh-CHN 2019"]
[Site "China CHN"]
[Date "2019.05.09"]
[Round "7.3"]
[Board "4"]
[White "Batsiashvili, Nino"]
[Black "Zhu, Jiner"]
[Result "1/2-1/2"]
[WhiteTitle "GM"]
[BlackTitle "WIM"]
[WhiteElo "2447"]
[BlackElo "2461"]
[WhiteTeam "Chongqing Jiulongpo Yucai Chess team"]
[BlackTeam "Zhejiang team"]
[WhiteFideId "13602993"]
[BlackFideId "8608059"]
[EventDate "2019.04.09"]

1. c4 Nf6 2. Nc3 e6 3. e4 c5 4. e5 Ng8 5. Nf3 Nc6 6. d4 cxd4 7. Nxd4 d6 8. Nxc6
bxc6 9. exd6 Bxd6 10. Ne4 Bb4+ 11. Bd2 Bxd2+ 12. Qxd2 Qxd2+ 13. Kxd2 Nf6 14.
Nxf6+ gxf6 15. g3 c5 16. Bg2 Rb8 17. Kc3 Ke7 18. Rad1 Bb7 19. Bxb7 Rxb7 20. Rd2
h5 21. Rhd1 f5 22. Rd6 Rc7 23. Ra6 h4 24. Kd2 hxg3 25. hxg3 Rd8+ 26. Ke2 Rd4 27.
Rxd4 cxd4 28. f4 f6 29. Ra5 Kd6 30. Kd3 e5 31. b4 Rd7 32. c5+ Kd5 33. fxe5 fxe5
34. c6+ Kxc6 35. Rxe5 Rg7 36. Rxf5 Rxg3+ 37. Kxd4 Ra3 38. Rf2 Kb5 39. Rb2 Ra4
40. Kc3 Ra3+ 41. Kc2 Ra4 42. Kc3 1/2-1/2

[Event "TCh-CHN 2019"]
[Site "China CHN"]
[Date "2019.05.09"]
[Round "7.3"]
[Board "5"]
[White "Huang, Qian"]
[Black "Ding, Yixin"]
[Result "1/2-1/2"]
[WhiteTitle "WGM"]
[BlackTitle "WGM"]
[WhiteElo "2429"]
[BlackElo "2439"]
[WhiteTeam "Chongqing Jiulongpo Yucai Chess team"]
[BlackTeam "Zhejiang team"]
[WhiteFideId "8602689"]
[BlackFideId "8602972"]
[EventDate "2019.04.09"]

1. d4 Nf6 2. c4 e6 3. Nf3 b6 4. g3 Ba6 5. b3 Bb7 6. Bg2 Bb4+ 7. Bd2 a5 8. O-O
O-O 9. Nc3 d6 10. Qc2 Nbd7 11. Rfe1 Bxc3 12. Bxc3 Be4 13. Qb2 c6 14. Bf1 b5 15.
Nd2 b4 16. Nxe4 Nxe4 17. Bd2 Qf6 18. f3 Nxd2 19. Qxd2 h6 20. f4 d5 21. e4 dxe4
22. Bg2 Rfd8 23. Bxe4 Nc5 24. Rad1 Nxe4 25. Rxe4 Rd7 26. Re5 Rd6 27. c5 Rd5 28.
Rxd5 exd5 29. Re1 Qf5 30. Re5 Qb1+ 31. Re1 Qf5 1/2-1/2

[Event "TCh-CHN 2019"]
[Site "China CHN"]
[Date "2019.05.09"]
[Round "7.4"]
[Board "3"]
[White "Li, Chao b"]
[Black "Zhou, Weiqi"]
[Result "1-0"]
[WhiteTitle "GM"]
[BlackTitle "GM"]
[WhiteElo "2690"]
[BlackElo "2592"]
[WhiteTeam "Beijing team"]
[BlackTeam "Chongqing Sports lottery chess team"]
[WhiteFideId "8604436"]
[BlackFideId "8601674"]
[EventDate "2019.04.09"]

1. e4 e5 2. Nf3 Nc6 3. d4 exd4 4. Nxd4 Bc5 5. Nb3 Bb6 6. Nc3 Nf6 7. Qe2 O-O 8.
Bg5 h6 9. Bh4 Nd4 10. Qd3 Nxb3 11. axb3 g5 12. Bg3 d5 13. O-O-O c6 14. exd5 Nxd5
15. Nxd5 Qxd5 16. Qxd5 cxd5 17. h4 g4 18. Rxd5 Be6 19. Rh5 Kg7 20. Bd3 Rad8 21.
Re1 Bxb3 22. Be4 Be6 23. Bxb7 Rfe8 24. Rhe5 Re7 25. Ba6 Red7 26. Bb5 Rd2 27.
R5e2 Rxe2 28. Bxe2 h5 29. Bd3 Rd5 30. b4 Kf6 31. Re2 a5 32. b5 Bd7 33. Rd2 Bxb5
34. c4 Rc5 35. Rb2 1-0

[Event "TCh-CHN 2019"]
[Site "China CHN"]
[Date "2019.05.09"]
[Round "7.4"]
[Board "4"]
[White "Tan, Zhongyi"]
[Black "Wang, Yu A."]
[Result "1/2-1/2"]
[WhiteTitle "GM"]
[BlackTitle "IM"]
[WhiteElo "2502"]
[BlackElo "2293"]
[WhiteTeam "Chongqing Sports lottery chess team"]
[BlackTeam "Beijing team"]
[WhiteFideId "8603642"]
[BlackFideId "8601097"]
[EventDate "2019.04.09"]

1. c4 e5 2. Nc3 Nc6 3. Nf3 f5 4. d4 e4 5. d5 exf3 6. dxc6 fxg2 7. cxd7+ Qxd7 8.
Qxd7+ Bxd7 9. Bxg2 c6 10. b3 Nf6 11. Bb2 Be7 12. e3 O-O-O 13. Rd1 Rhe8 14. O-O
g6 15. Rd3 Be6 16. Rfd1 Rxd3 17. Rxd3 Rd8 18. Rxd8+ Kxd8 19. Ne2 Nd7 20. Nf4 Bf7
21. Nd3 Kc7 22. Kf1 a5 23. Ke2 a4 24. Kd2 axb3 25. axb3 b5 26. Ne5 Bb4+ 27. Kc2
Nxe5 28. Bxe5+ Kb6 29. cxb5 cxb5 30. Bd4+ Kc7 31. f3 Bd6 32. h3 g5 33. e4 fxe4
34. fxe4 Bf4 35. Kc3 h5 36. Bf1 Kc6 37. Kb4 Bd6+ 38. Ka5 Bc7+ 39. Ka6 Bxb3 40.
Bxb5+ Kd6 41. Kb7 Ba5 42. e5+ Kd5 43. Bb2 g4 44. hxg4 hxg4 45. Bc6+ Ke6 46. Kc8
g3 47. Bd7+ Kf7 48. Bc6 1/2-1/2

[Event "TCh-CHN 2019"]
[Site "China CHN"]
[Date "2019.05.09"]
[Round "7.4"]
[Board "5"]
[White "Lei, Tingjie"]
[Black "Song, Yuxin"]
[Result "1-0"]
[WhiteTitle "GM"]
[BlackTitle "WIM"]
[WhiteElo "2483"]
[BlackElo "2299"]
[WhiteTeam "Chongqing Sports lottery chess team"]
[BlackTeam "Beijing team"]
[WhiteFideId "8605114"]
[BlackFideId "8614300"]
[EventDate "2019.04.09"]

1. d4 Nf6 2. c4 e6 3. g3 d5 4. Bg2 Bb4+ 5. Bd2 Be7 6. Nf3 O-O 7. O-O Nbd7 8. Qc2
c6 9. Bf4 b6 10. cxd5 cxd5 11. Rc1 Bb7 12. Bc7 Qe8 13. Qb3 Rc8 14. Na3 Ba6 15.
Nb5 Bxb5 16. Qxb5 Nc5 17. Qxe8 Rfxe8 18. dxc5 Rxc7 19. cxb6 Rxc1+ 20. Rxc1 axb6
21. Rc7 Bc5 22. a3 Ra8 23. e3 Ne4 24. Bf1 Rb8 25. Bd3 Bd6 26. Rc6 Nc5 27. Bb5
Be7 28. b4 Ne4 29. Bd3 Nd6 30. a4 Nc4 31. Bxc4 dxc4 32. b5 Bc5 33. a5 c3 34.
axb6 Bxb6 35. Rxc3 f6 36. Kf1 Ba5 37. Rb3 e5 38. Ke2 Kf7 39. Nd2 Ke6 40. Nc4 Bd8
41. e4 Ra8 42. Kd3 Kd7 43. Rb2 Ra1 44. b6 Kc8 45. f4 Rd1+ 46. Ke3 Rc1 47. Kd3
Rd1+ 48. Kc3 f5 49. fxe5 fxe4 50. Re2 Rd3+ 51. Kb4 Be7+ 52. Kb5 Rd4 53. Na5 Rb4+
54. Kc6 Bd8 55. b7+ Kb8 56. e6 Ka7 57. Ra2 Rb6+ 58. Kd7 Bg5 59. Nc6+ 1-0

[Event "TCh-CHN 2019"]
[Site "China CHN"]
[Date "2019.05.09"]
[Round "7.5"]
[Board "1"]
[White "Zou, Chen"]
[Black "Bai, Jinshi"]
[Result "1/2-1/2"]
[WhiteTitle "FM"]
[BlackTitle "GM"]
[WhiteElo "2459"]
[BlackElo "2600"]
[WhiteTeam "Hangzhou Hongda team"]
[BlackTeam "Hangzhou Bank Team"]
[WhiteFideId "8610959"]
[BlackFideId "8602280"]
[EventDate "2019.04.09"]

1. e4 e5 2. Nf3 Nf6 3. Nxe5 d6 4. Nf3 Nxe4 5. Nc3 Nxc3 6. dxc3 Be7 7. Be3 Nc6 8.
Qd2 Be6 9. O-O-O Qd7 10. a3 h6 11. Nd4 Nxd4 12. Bxd4 Rg8 13. c4 c5 14. Be3 O-O-O
15. Be2 Qa4 16. Qc3 Bf6 17. Qb3 Qxb3 18. cxb3 Rge8 19. h4 Bf5 20. g4 Be4 21. Rh3
g5 22. hxg5 Bxg5 23. Bxg5 hxg5 24. Bd3 Kc7 25. Bxe4 Rxe4 26. f3 Re3 27. Kc2 Rde8
28. b4 b6 29. Rh6 R8e6 30. Rxe6 fxe6 31. Rd3 Re2+ 32. Rd2 Re3 33. Rd3 Re1 34.
Kd2 Rb1 35. bxc5 bxc5 36. b3 a5 37. Kc2 Ra1 38. Re3 Ra2+ 39. Kb1 Rf2 40. Kc1 Kd7
41. Kd1 d5 42. cxd5 exd5 43. Ke1 Ra2 44. Re5 Kd6 45. Rxg5 a4 46. bxa4 c4 47. Rg8
Ke5 48. g5 Kf5 49. Rd8 Kxg5 50. Rxd5+ Kf4 51. Rd2 Rxa3 52. Kd1 Ke3 53. Rd8 Rxa4
54. Kc2 Kxf3 55. Kc3 Ra3+ 56. Kxc4 1/2-1/2

[Event "TCh-CHN 2019"]
[Site "China CHN"]
[Date "2019.05.09"]
[Round "7.5"]
[Board "3"]
[White "Xiang, Zeyu"]
[Black "Ma, Qun"]
[Result "0-1"]
[WhiteTitle "IM"]
[BlackTitle "GM"]
[WhiteElo "2446"]
[BlackElo "2627"]
[WhiteTeam "Hangzhou Hongda team"]
[BlackTeam "Hangzhou Bank Team"]
[WhiteFideId "8608547"]
[BlackFideId "8603154"]
[EventDate "2019.04.09"]

1. d4 Nf6 2. c4 e6 3. Nc3 Bb4 4. Qc2 O-O 5. a3 Bxc3+ 6. Qxc3 b6 7. Nf3 Bb7 8. e3
d5 9. Be2 Ne4 10. Qc2 dxc4 11. Bxc4 c5 12. dxc5 Nd7 13. O-O Rc8 14. Rd1 Nexc5
15. b4 Be4 16. Qd2 Bxf3 17. gxf3 Qg5+ 18. Kf1 Ne5 19. f4 Qf5 20. Be2 Qh3+ 21.
Kg1 Ng4 0-1